00460nam a22001577a 4500020001800000082002100018100004600039245005500085250001200140260005700152300001000209650002300219650002500242650001200267650002300279 a9789390790494 aM 894.812bSHY/N aShyja JaRaisy Jose ChemmannuraDivya T S aNettarivu:bmalayalam pareekshavijayi/cby Shyja J a2nd ed. aKozhikkode:bAtma books pavanatma publishers,c2022. a833p. aLanguage Malayalam aLiterature Malayalam aNET JRF aHST HSST-SET K TET